Le surréalisme et la peinture

Saved in:
Bibliografiske detaljer
Hovedforfatter: Breton, André (Author)
Format: Bog
Sprog:fransk
Udgivet: París Gallimard 1965
Fag:
Tags: Tilføj Tag
Ingen Tags, Vær først til at tagge denne postø!

MARC

LEADER 00000nam a2200000 a 4500
001 UCU9209
003 CL-VaPUC
008 960809e19650000FR |||||||||||||||||fre|d
082 0 4 |a 759.0663  |b BRE  |2 21 
100 |a Breton, André  |e author  |9 268387 
245 1 3 |a Le surréalisme et la peinture 
300 |a 427 p 
942 |c BK 
945 |d 19960809 00:00:00  |a rleighto 
260 |a París  |b Gallimard  |c 1965 
650 0 |a Pintura moderna  |9 265600 
650 0 |a Arte moderno  |9 265333 
650 0 |a Surrealismo  |9 265502 
650 7 |a OBRAS DE ARTES  |2 CL-VaPUC  |9 363701 
583 |a last modification  |c 20160901 04:09:46  |k Rodrigo Vera 
999 |c 251075  |d 251073 
952 |0 0  |1 0  |4 0  |6 759_066300000000000_BRE_1965  |7 0  |8 F  |9 270008  |a BIBARQ  |b BIBARQ  |d 2019-11-19  |i 3217817  |o 759.0663 BRE 1965  |p 3217817  |r 2025-01-20  |w 2019-11-19  |y BK_F  |k ARQ